<A> history of Ireland

Saved in:
Bibliographic Details
Main Author: Cronin, Mike
Format: Book
Language:English
Published: New York Palgrave Macmillan 2002
Series:Palgrave essential histories
Subjects:
Tags: Add Tag
No Tags, Be the first to tag this record!

MARC

LEADER 00000nam$a2200000$$$4500
001 0095994
005 20240306135223.8
020 |a 978-0-333-65433-0 
020 |a 0-333-65433-1 
041 0 |a eng 
044 |a US 
245 1 0 |a <A> history of Ireland  |c Mike Cronin 
264 1 |a New York  |b Palgrave Macmillan  |c 2002 
300 |a 273 s. 
490 1 |a Palgrave essential histories 
830 0 |a Palgrave essential histories 
610 2 0 |a história 
610 2 0 |a dejiny 
610 2 0 |a vývoj spoločenský 
610 2 0 |a vývoj politický 
610 2 0 |a formy organizácie politickej 
610 2 0 |a moc politická 
610 2 0 |a reformy 
610 2 0 |a vojny 
610 2 0 |a Írsko 
100 1 |a Cronin, Mike